000 01097nam a2200253 i 4500
001 18921
003 ES-MaACL
005 20250807233240.0
007 t|
008 020410s2001 sp ||||1| spa d
080 _a392.65(4)
100 1 _aTamzali, Wassyla.
_9109173
245 1 0 _aDe la necesidad de un debate sobre la prostitución en Europa /
_cWassyla Tamzali ; conferencia organizada por Dirección General de la Mujer, Consejería de Servicios Sociales, Comunidad de Madrid, Madrid, 23 de noviembre de 1999.
260 _a[Madrid :
_bDirección General de la Mujer, Comunidad de Madrid,
_c2001]
300 _a35, 35 p. ;
_c22 cm.
490 1 _aPublicaciones / Dirección General de la Mujer ;
_v19
546 _aTexto en español y francés.
650 4 _aProstitución-
_zEuropa.
_916509
710 1 _aMadrid (Comunidad Autónoma).
_bDirección General de la Mujer.
_95615
740 0 2 _aDe la nécessité d'un débat sur la prostitution en Europe.
830 1 0 _aDGM, Dirección General de la Mujer
_v19
_9228545
852 4 _aES-MaACL
_jL-25396
999 _c18921
_d18921